| 000 | 01063nam a22002537a 4500 | ||
|---|---|---|---|
| 005 | 20170124103147.0 | ||
| 010 | _aB-091688 | ||
| 020 |
_c175.00 _a8186624147 |
||
| 035 | _aB-091688 | ||
| 037 | _bCen Lib/Ret | ||
| 040 |
_aDPL _bHN |
||
| 082 |
_a004 _bशंकर |
||
| 100 |
_aशंकर सिंह _986653 |
||
| 245 |
_aकंप्यूटर और सूचना तकनीक / _cशंकर सिंह |
||
| 246 |
_aComputer aur suchana taknik / _bby Shankar Singh |
||
| 260 |
_aदिल्ली _bपूर्वांचल प्रकाशन _c2003 |
||
| 270 |
_a1180, ए-ब्लाक, सोनिया विहार _bदिल्ली _e110032 |
||
| 300 |
_a174पृ. _c21सेमी (सजिल्द) |
||
| 650 |
_aसूचना तकनीक और कंप्यूटर _947463 |
||
| 650 |
_aसूचना तकनीक _986654 |
||
| 650 |
_aInformation technology and Computer _986655 |
||
| 650 |
_aInformation technology _986656 |
||
| 942 |
_2ddc _cHN _h004 _mशंकर |
||
| 999 |
_c119743 _d119743 |
||